| 000 | 00378nam a2200133Ia 4500 | ||
|---|---|---|---|
| 008 | 180430s9999 xx 000 0 und d | ||
| 020 | _a9780143038092 | ||
| 100 | _aTan, Amy | ||
| 245 | 4 | _aThe joy luck club / | |
| 260 |
_aUSA : _bPenguin Books _c1989 |
||
| 300 | _a288 pages | ||
| 650 | _aReminiscing in old age -- Fiction. | ||
| 650 | _aWomen -- Societies and clubs -- Fiction. | ||
| 999 |
_c356391 _d356391 |
||